| 000 | 00444nam a2200181Ia 4500 | ||
|---|---|---|---|
| 003 | GCL | ||
| 008 | 140319s9999 xx 000 0 eng d | ||
| 040 |
_aGCL / _cGCL |
||
| 082 | 0 | 4 |
_a823 _bB J |
| 100 | 1 | _aBRONTE, CHARLOTTE | |
| 245 | 1 | 0 |
_aJANE EYRE / _cBRONTE, CHARLOTTE |
| 260 |
_a[S.N] : _bYORK PRESS ، _c1993 |
||
| 300 | _a473 PP | ||
| 650 | 0 | 4 | _aENGLISH LITERATURE |
| 650 | 0 | 4 | _aENGLISH FICTION |
| 650 | 0 | 4 | _aFICTION |
| 942 |
_2ddc _cBK |
||
| 999 |
_c18149 _d18149 |
||